Equipe du Maroc Coupe du Monde 2022 - Statistiques

Statistiques générales
  • Ce quiz a été pris 922 fois
  • Le résultat moyen est 15 sur 26
Statistiques - réponses
Poste Club (pendant la CDM) Réponse % Correct
D Paris-Saint-Germain Achraf Hakimi
97%
G Séville FC Yassine Bounou
89%
A Chelsea FC Hakim Ziyech
88%
A Angers SCO Sofiane Boufal
80%
M ACF Fiorentina Sofyan Amrabat
80%
D Bayern Munich Noussair Mazraoui
77%
D West Ham United Nayef Aguerd
76%
M Angers SCO Azzedine Ounahi
75%
D Beşiktaş JK Ghanem Romain Saïss
73%
A Toulouse FC Zakaria Aboukhlal
65%
A Séville FC Youssef En-nesyri
58%
D Wydad AC Yahya Attiat-Allah
54%
M UC Sampdoria Abdelhamid Sabiri
53%
D Stade brestois 29 Achraf Dari
53%
D Real Valladolid Jawad El Yamiq
53%
M Standard de Liège Selim Amallah
51%
A CA Osasuna Abdessamad Ezzalzouli
46%
M KRC Genk Bilal El Khanouss
45%
A SSC Bari Walid Cheddira
43%
G Al Wehda Club Munir El Kajoui
35%
G Wydad AC Reda Tagnaouti
34%
M Wydad AC Yahya Jabrane
33%
A Burnley FC Anass Zaroury
32%
A Ittihad FC Abderrazak Hamed-Allah
31%
A Queens Park Rangers Ilias Chair
29%
D Qatar SC Badr Banoun
24%
Aucun quiz correspondant
Distribution des résultats
% des personnes avec chaque résultat
Percentile par nombre de réponses
Votre historique - résultats
Vous n’avez pas pris ce quiz